| 000 | 01298cam a2200301 a 4500 | ||
|---|---|---|---|
| 999 |
_c332450 _d332450 |
||
| 001 | 15304877 | ||
| 003 | NUST | ||
| 005 | 20180117111138.0 | ||
| 008 | 080523s2008 nyuab b 001 0 eng | ||
| 010 | _a 2008023142 | ||
| 020 | _a9781604567861 (hardcover) | ||
| 020 | _a1604567864 (hardcover) | ||
| 035 | _a(OCoLC)229342642 | ||
| 035 | _a(OCoLC)ocn229342642 | ||
| 040 |
_aDLC _cDLC _dYDX _dBTCTA _dBAKER _dYDXCP _dBWX _dCDX _dDLC |
||
| 050 | 0 | 0 |
_aQH76 _b.A443 2008 |
| 082 | 0 | 0 |
_a639.9 ALO _222 |
| 245 | 0 | 0 |
_aEcological management : _bnew research / _cMarta S. Alonso and Irene M. Rubio, editors. |
| 260 |
_aNew York : _bNova Science Publishers, _cc2008. |
||
| 300 |
_axii, 262 p. : _bill. (some col.), maps ; _c27 cm. |
||
| 500 | _aH.B | ||
| 504 | _aIncludes bibliographical references and index. | ||
| 650 | 0 |
_aEcosystem management. _96987 |
|
| 650 | 0 |
_aBiodiversity conservation. _96988 |
|
| 650 | 0 |
_aEnvironmental management. _96432 |
|
| 700 | 1 |
_aAlonso, Marta S. _96989 |
|
| 700 | 1 |
_aRubioĆ”, Irene M. _96990 |
|
| 906 |
_a7 _bcbc _corignew _d1 _eecip _f20 _gy-gencatlg |
||
| 942 |
_2ddc _cBK _kIESE |
||